000 00648nam a2200277Ia 4500
005 20260324122530.0
008 008 260324s9999 xx 000 0 eng d
020 _a9781315417851
037 _aEBOOK
040 _aCRL
040 _beng
040 _cCRL
041 _2eng
041 _aeng
084 _qCRL
100 _aJohn H Falk; Lynn D Dierking
_91166812
245 4 _aThe Museum Experience Revisited
260 _bTaylor and Francis
260 _c2013
365 _a
365 _b240
856 _uhttp://www.taylorfrancis.com/books/9781315417851
942 _cEBOOK
999 _c1759637
_d1759637